American Stand-Up Comics Quiz Stats

 Plays Quiz Updated Apr 6, 2016

Also try: Quotable Comedians
Challenge
Share
Tweet
Score 0/25 Timer 05:00
2 Plays Today
% Correct
Bill Cosby
93.4%
Whoopi Goldberg
91%
Jerry Seinfeld
89.5%
Adam Sandler
86.5%
Chris Rock
85.7%
Eddie Murphy
85.3%
Ellen DeGeneres
83.5%
Steve Martin
76.6%
Richard Pryor
75.8%
George Carlin
75.4%
Rodney Dangerfield
73.9%
Jeff Foxworthy
73.3%
Louis C.K.
69.1%
% Correct
Dave Chappelle
66.5%
Kathy Griffin
64.1%
Lewis Black
58.8%
Daniel Tosh
57.2%
Jim Gaffigan
55%
Jim Carrey
53.8%
Patton Oswalt
50.3%
Jeff Dunham
45.5%
Ron White
41.1%
Carlos Mencia
41%
Mitch Hedberg
40.5%
Steven Wright
37.9%

You're not logged in!

Compare scores with friends on all Sporcle quizzes.
Join for Free
OR
Log In

You Might Also Like...

Show Comments

Extras

Top Quizzes Today


Score Distribution

Your Account Isn't Verified!

In order to create a playlist on Sporcle, you need to verify the email address you used during registration. Go to your Sporcle Settings to finish the process.

Report this User

Report this user for behavior that violates our Community Guidelines.

Details: